| Tag |
First Indicator |
Second Indicator |
Subfields |
| LEADER |
00000cam a2200000 i 4500 |
| 001 |
in00005718924 |
| 005 |
20260319182530.1 |
| 006 |
m o d |
| 007 |
cr ||||||||||| |
| 008 |
200428s2020 nyua ob 001 0 eng |
| 010 |
|
|
|a 2020018925
|
| 040 |
|
|
|a DLC
|b eng
|e rda
|c DLC
|d N$T
|d YDX
|d EBLCP
|d OCLCF
|d STBDS
|d OCLCQ
|d UKAHL
|d OCLCO
|d OCLCQ
|d SFB
|d OCLCQ
|d OCLCO
|d OCLCL
|d OCLCQ
|d CLOUD
|d OCLCO
|d OCLCQ
|d OCLCL
|
| 019 |
|
|
|a 1503853585
|
| 020 |
|
|
|a 9780190072940
|q electronic book
|
| 020 |
|
|
|a 0190072946
|q electronic book
|
| 020 |
|
|
|a 9780190072957
|q electronic book
|
| 020 |
|
|
|a 0190072954
|q electronic book
|
| 020 |
|
|
|a 9780190072933
|q electronic book
|
| 020 |
|
|
|a 0190072938
|q electronic book
|
| 020 |
|
|
|z 9780190072919
|q hardcover
|
| 020 |
|
|
|z 9780190072926
|q paperback
|
| 020 |
|
|
|z 0190072911
|
| 020 |
|
|
|z 019007292X
|
| 035 |
|
|
|a (OCoLC)1159624688
|z (OCoLC)1503853585
|
| 042 |
|
|
|a pcc
|
| 050 |
0 |
4 |
|a B21
|b .P95 2020
|
| 082 |
0 |
0 |
|a 108.2
|2 23
|
| 049 |
|
|
|a TXAM
|
| 245 |
0 |
0 |
|a Philosophy for girls :
|b an invitation to the life of thought /
|c edited by Melissa M. Shew and Kimberly K. Garchar.
|
| 264 |
|
1 |
|a New York, NY :
|b Oxford University Press,
|c [2020]
|
| 300 |
|
|
|a 1 online resource (xxvii, 289 pages) :
|b illustrations
|
| 336 |
|
|
|a text
|b txt
|2 rdacontent
|
| 337 |
|
|
|a computer
|b c
|2 rdamedia
|
| 338 |
|
|
|a online resource
|b cr
|2 rdacarrier
|
| 504 |
|
|
|a Includes bibliographical references and index.
|
| 520 |
|
|
|a "This revolutionary book empowers its readers intellectually by providing a snapshot of perennial and timely philosophical topics. Written by twenty expert women in philosophy and representing a diverse and pluralistic approach to philosophy as a discipline, this book appeals to a wide audience. Individual readers, especially girls and women ages 16-24, as well as university and high school educators and students who want a change from standard anthologies that include few or no women will find value in these pages. This volume contains several notable features: the book is divided into four sections that correspond to major fields in Philosophy-metaphysics, epistemology, social and political philosophy, and ethics-but the chapters within those sections provide fresh ways of understanding those fields. " Every chapter begins with a lively anecdote about a girl or woman in literature, myth, history, science, or art to introduce the chapter's specific topic." Chapters are dominated by women's voices, with nearly all primary and secondary sources used coming from women in the history of philosophy and a diverse set of contemporary women philosophers. "All chapters offer the authors' distinct philosophical perspectives written in their own voices and styles, representing diverse training, backgrounds, and interests." The Introduction and Prologue explicitly invite the book's readers to engage in philosophical conversation and reflection, thus setting the stage for continued contemplation and dialogue beyond the book itself. The result is a rigorous yet accessible entry-point into serious philosophical contemplation designed to embolden and strengthen its readers' own senses of philosophical inquiry and competence. The book's readers will feel confident in knowing that expert women affirm an equitable and just intellectual landscape for all and thus have lovingly collaborated to write this book"--
|c Provided by publisher.
|
| 588 |
|
|
|a Description based on online resource; title from digital title page (viewed on September 16, 2020).
|
| 505 |
0 |
0 |
|g Prologue.
|t Persephone : the invitation /
|r Melissa M. Shew --
|g Introduction /
|r Melissa M. Shew,
|r Kimberly K. Garchar --
|g Section I: Self.
|t Identity : being-in-the-world and becoming /
|r Meena Dhanda --
|t Autonomy : on being true to ourselves /
|r Serene J. Khader --
|t Pride : the complexities of virtue and vice /
|r Claudia Mills --
|t Questions : the heart of philosophy /
|r Melissa M. Shew --
|t Self-knowledge : the importance of reflection /
|r Karen Stohr --
|g Section II: Knowing.
|t Logic : a feminist approach /
|r Gillian Russell --
|t Doubt : knowing and skepticism /
|r Julianne Chung --
|t Science : unmasking objectivity /
|r Subrena E. Smith --
|t Technology : experience and mediated realities /
|r Robin L. Zebrowski --
|t Art : seeing, thinking, making /
|r Patricia M. Locke --
|g Section III: Social structure and power relations.
|t Credibility : resisting doubts, reimagining knowledge /
|r Monica C. Poole --
|t Language : power plays in communication /
|r Elisabeth Camp --
|t Race : the ontological crisis of the human /
|r Shannon Winnubst --
|t Gender : to the binary and beyond /
|r Charlotte Witt --
|t Recognition : living a queer-alien-mixed consciousness /
|r Shanti Chu --
|g Section IV: Contemplation in action.
|t Anger : embracing the Medusa trope as an act of resistance /
|r Myisha Cherry --
|t Consciousness-raising : social groups and change /
|r Tabatha Leggett --
|t Tzedek : doing what must be done /
|r Devora Shapiro --
|t Empathy : entangled human and nonhuman relationships /
|r Lori Gruen --
|t Courage : meliorism in motion /
|r Kimberly K. Garchar.
|
| 650 |
|
0 |
|a Philosophy.
|
| 650 |
|
6 |
|a Philosophie.
|
| 650 |
|
7 |
|a philosophy.
|2 aat
|
| 650 |
|
7 |
|a Ethics & Moral Philosophy.
|2 bisacsh
|
| 650 |
|
7 |
|a PHILOSOPHY.
|2 bisacsh
|
| 650 |
|
7 |
|a History & Surveys.
|2 bisacsh
|
| 650 |
|
7 |
|a Movements.
|2 bisacsh
|
| 650 |
|
7 |
|a Social.
|2 bisacsh
|
| 650 |
|
7 |
|a Philosophy
|2 fast
|
| 655 |
|
7 |
|a Electronic books.
|2 local
|
| 700 |
1 |
|
|a Shew, Melissa M.,
|e editor.
|1 https://id.oclc.org/worldcat/entity/E39PCjDhtTrwjTYd7c9p7xPwQ3
|
| 700 |
1 |
|
|a Garchar, Kimberly K.,
|e editor.
|1 https://id.oclc.org/worldcat/entity/E39PCjFDXxB9xR9PfVdbFdG4dP
|
| 776 |
0 |
8 |
|i Print version:
|t Philosophy for girls
|d New York, NY, United States of America : Oxford University Press, 2021.
|z 9780190072919
|w (DLC) 2020018924
|
| 856 |
4 |
0 |
|u http://proxy.library.tamu.edu/login?url=https://academic.oup.com/book/33477
|z Connect to the full text of this electronic book
|t 0
|
| 955 |
|
|
|a Oxford Scholarship Online
|
| 994 |
|
|
|a 92
|b TXA
|
| 999 |
f |
f |
|i a043539f-9f1d-43b1-a529-63b23ff9c6f3
|s 9292c5c6-daac-4ebd-890f-be35a41ba8b9
|t 0
|
| 952 |
f |
f |
|a Texas A&M University
|b College Station
|c Electronic Resources
|s www_evans
|d Available Online
|t 0
|e B21 .P95 2020
|h Library of Congress classification
|
| 998 |
f |
f |
|a B21 .P95 2020
|t 0
|l Available Online
|